=LDR 00000nam 2200000 4500 =001 INLIS000000000003692 =005 20130612092009 =008 ***********************************Ind** =035 ##$$0010-061300000003692 =041 ##$$a Ind =082 ##$$a 522.67 =090 ##$$a 522.67, Mcl i =100 ##$$a Mclfferty, F.W =245 ##$$a Interpretasi Spektra massa, F.W Mclafferty ; diterjemahkan oleh Dr. Hardjono Sastrohamijojo =260 ##$$a 1987 $b Yogyakarta =300 ##$$a xix, 396 hlm., ilus, 21 cm =650 ##$$a Spektroskopi =850 ##$$a NBPNMAT